Batman & Robin / (Record no. 2451)

MARC details
000 -LEADER
fixed length control field 01164cam a2200301 a 4500
005 - DATE AND TIME OF LATEST TRANSACTION
control field 20231208135123.0
020 ## - INTERNATIONAL STANDARD BOOK NUMBER
International Standard Book Number 0316176923
040 ## - CATALOGING SOURCE
Original cataloging agency DLC
Transcribing agency DLC
Modifying agency DLC
Language of cataloging eng
050 00 - LIBRARY OF CONGRESS CALL NUMBER
Classification number PZ7.G7666435
Item number Bat 1997
082 00 - DEWEY DECIMAL CLASSIFICATION NUMBER
Classification number 813.54
Edition number 21
100 1# - MAIN ENTRY--PERSONAL NAME
Personal name Grant, Alan
Dates associated with a name 1949-
245 10 - TITLE STATEMENT
Title Batman & Robin /
Statement of responsibility, etc. novelization by Alan Grant
246 3# - VARYING FORM OF TITLE
Title proper/short title Batman and Robin
250 ## - EDITION STATEMENT
Edition statement First Edition
260 ## - PUBLICATION, DISTRIBUTION, ETC.
Place of publication, distribution, etc. Boston :
Name of publisher, distributor, etc. Little, Brown & Company,
Date of publication, distribution, etc. 1997
300 ## - PHYSICAL DESCRIPTION
Extent 152 pages :
Other physical details color illustrations
Dimensions 19 cm
500 ## - GENERAL NOTE
General note "Based on the screenplay written by Akiva Goldsman. Batman created by Bob Kane."
500 ## - GENERAL NOTE
General note On t.p. the registered trademark symbol "TM" is superscript following "Batman" and "Robin" in the title.
505 ## - FORMATTED CONTENTS NOTE
Formatted contents note R
520 ## - SUMMARY, ETC.
Summary, etc. A new crimefighter, Batgirl, helps Batman and Robin try to stop villains Mr. Freeze and Poison Ivy, whose nefarious plans threaten to shred the fabric of life in Gotham City.
521 ## - TARGET AUDIENCE NOTE
Target audience note 700
Source Lexile estimate
521 ## - TARGET AUDIENCE NOTE
Target audience note R
Source Raz-Plus
650 #1 - SUBJECT ADDED ENTRY--TOPICAL TERM
Topical term or geographic name entry element Heroes
General subdivision Fiction.
650 #1 - SUBJECT ADDED ENTRY--TOPICAL TERM
Topical term or geographic name entry element Adventure and adventurers
General subdivision Fiction.
906 ## - LOCAL DATA ELEMENT F, LDF (RLIN)
a 7
b cbc
c orignew
d 1
e ocip
f 19
g y-gencatlg
942 ## - ADDED ENTRY ELEMENTS (KOHA)
Source of classification or shelving scheme Dewey Decimal Classification
Koha item type Books
Suppress in OPAC No
999 ## -
-- 2451
-- 2451
Holdings
Withdrawn status Lost status Source of classification or shelving scheme Damaged status Not for loan Collection Home library Current library Shelving location Date acquired Total Checkouts Full call number Barcode Date last seen Date last checked out Price effective from Koha item type
    Dewey Decimal Classification     Juvenile Fiction Footprints International School Library Network Toul Kork Campus Footprints International School Library Network Toul Kork Campus   12/08/2023 2 GRA 813.54 PZ7.G7666435 FISBK00663 04/08/2025 01/22/2024 12/08/2023 Books